Biographie Ansgar Paus

Saved in:  
Bibliographic Details
Format: Print Article
Language:German
Check availability: HBZ Gateway
Interlibrary Loan:Interlibrary Loan for the Fachinformationsdienste (Specialized Information Services in Germany)
Published: 2007
In: Denken im Raum des Heiligen
Year: 2007, Pages: 525-526
Standardized Subjects / Keyword chains:B Paus, Ansgar 1932-2017
IxTheo Classification:KAJ Church history 1914-; recent history
KBB German language area
KDB Roman Catholic Church

MARC

LEADER 00000caa a22000002c 4500
001 1536875767
003 DE-627
005 20220614103901.0
007 tu
008 160405s2007 xx ||||| 00| ||ger c
020 |a 9783830672678 
035 |a (DE-627)1536875767 
035 |a (DE-576)466875762 
035 |a (DE-599)BSZ466875762 
040 |a DE-627  |b ger  |c DE-627  |e rakwb 
041 |a ger 
084 |a 1  |2 ssgn 
245 0 0 |a Biographie Ansgar Paus 
264 1 |c 2007 
336 |a Text  |b txt  |2 rdacontent 
337 |a ohne Hilfsmittel zu benutzen  |b n  |2 rdamedia 
338 |a Band  |b nc  |2 rdacarrier 
652 |a KAJ:KBB:KDB 
689 0 0 |d p  |0 (DE-588)107662590  |0 (DE-627)523317085  |0 (DE-576)261566148  |2 gnd  |a Paus, Ansgar  |d 1932-2017 
689 0 |5 (DE-627) 
773 0 8 |i In  |t Denken im Raum des Heiligen  |d St. Ottilien : EOS-Verlag, 2007  |g (2007), Seite 525-526  |h 531 S  |w (DE-627)522900542  |w (DE-576)262191601  |z 3830672675  |z 9783830672678  |7 nnam 
773 1 8 |g year:2007  |g pages:525-526 
935 |a mteo 
951 |a AR 
ELC |b 1 
ITA |a 1  |t 1 
LOK |0 000 xxxxxcx a22 zn 4500 
LOK |0 001 2916254080 
LOK |0 003 DE-627 
LOK |0 004 1536875767 
LOK |0 005 20160405151711 
LOK |0 008 160404||||||||||||||||ger||||||| 
LOK |0 040   |a DE-Tue135  |c DE-627  |d DE-Tue135 
LOK |0 092   |o n 
LOK |0 852   |a DE-Tue135 
LOK |0 852 1  |9 00 
LOK |0 935   |a ixfe  |a ixmi 
LOK |0 936ln  |0 1442044721  |a KBB 
LOK |0 936ln  |0 1442049839  |a KDB 
LOK |0 936ln  |0 1442044640  |a KAJ 
LOK |0 939   |a 04-04-16  |b l01 
ORI |a SA-MARC-ixtheoa001.raw